Countries that border Albania - Statistics

General Stats
  • This quiz has been taken 14 times
  • The average score is 4 of 5
Answer Stats
Answer % Correct
Greece
100%
North Macedonia
90%
Serbia
80%
Kosovo
70%
Montenegro
70%
No matching quizzes found
Score Distribution
Percent of People with Each Score
Percentile by Number Answered
Your Score History
You have not taken this quiz